The Islamic Conception of State (Record no. 2346)

MARC details
000 -LEADER
fixed length control field 00326nam a2200133 a 4500
082 00 - DEWEY DECIMAL CLASSIFICATION NUMBER
Classification number 297.2
Author Cutter MAU
100 ## - MAIN ENTRY--AUTHOR NAME
Author name Madudi, S Abul Ala
245 ## - TITLE STATEMENT
Title The Islamic Conception of State
260 ## - PUBLICATION, DISTRIBUTION, ETC. (IMPRINT)
Place of publication Aligarh
Name of publisher Muslim University Press
Year of publication 1958
300 ## - PHYSICAL DESCRIPTION
Number of Pages 32 p
650 ## - SUBJECT ADDED ENTRY--TOPICAL TERM
Topical Term Islam-Doctrines
942 ## - ADDED ENTRY ELEMENTS (KOHA)
Koha item type Books
700 1# -
-- Madudi, S Abul Ala
Holdings
Collection code Home library Current library Date acquired Cost, normal purchase price Full call number Accession Number Koha item type Shelving location
  Henry Martyn Institute Library Henry Martyn Institute Library 07/06/2007 3.75 297.2 MAU5 02480 Books  
  Henry Martyn Institute Library Henry Martyn Institute Library 06/01/2018   297.2 MAU 1556 Books General stacks
                   Copyright © 2026 | Henry Martyn Institute | Hyderabad | TS-500052 | INDIA | Implemented by hmi.edu.in
Hit-Count:

Powered by Koha